Thiết kế và tính toán ô tô máy kéo
Đã lưu trong:
| 主要作者: | |
|---|---|
| 格式: | 圖書 |
| 語言: | Undetermined |
| 出版: |
Hà Nội
ĐH và THCN
1971
|
| 主題: | |
| 標簽: |
添加標簽
沒有標簽, 成為第一個標記此記錄!
|
| Thư viện lưu trữ: | Trung tâm Học liệu Trường Đại học Cần Thơ |
|---|
| LEADER | 00542nam a2200169Ia 4500 | ||
|---|---|---|---|
| 001 | CTU_12370 | ||
| 008 | 210402s9999 xx 000 0 und d | ||
| 082 | |a 631.372 | ||
| 082 | |b C121/T.2 | ||
| 100 | |a Nguyễn, Hữu Cẩn | ||
| 245 | 0 | |a Thiết kế và tính toán ô tô máy kéo | |
| 245 | 0 | |c Nguyễn Hữu Cẩn, Phan Đình Kiên | |
| 260 | |a Hà Nội | ||
| 260 | |b ĐH và THCN | ||
| 260 | |c 1971 | ||
| 650 | |a Agricultural machinery,Tractors | ||
| 980 | |a Trung tâm Học liệu Trường Đại học Cần Thơ | ||